Residential sales to exceed £12bn (Record no. 117039)

MARC details
000 -LEADER
fixed length control field 01091cam a2200217 4500
001 - CONTROL NUMBER
control field WB4007-10
008 - FIXED-LENGTH DATA ELEMENTS--GENERAL INFORMATION
fixed length control field 040219n2004 000 0 eng u
035 ## - SYSTEM CONTROL NUMBER
System control number (Sirsi) u125195
245 ## - TITLE STATEMENT
Title Residential sales to exceed £12bn
260 ## - PUBLICATION, DISTRIBUTION, ETC.
Date of publication, distribution, etc. 2004
490 ## - SERIES STATEMENT
Series statement Scottish Executive News Release
Volume/sequential designation (SEc412/2004) 18 February 2004 (3)
520 ## - SUMMARY, ETC.
Summary, etc. Figures released by the Registers of Scotland indicate that the value of the Scottish residential property market could exceed £12bn for 2003/2004. The figures show the average price for a residential property in Scotland is £103 394, an increase of 17% over the same period last year and also provide average house prices and total market value for the different regions. The quarterly report is available from http://www.ros.gov.uk/pressreleases.html. News release http://www.scotland.gov.uk/pages/news/2004/02/SEc4 12.aspx
590 ## - LOCAL NOTE (RLIN)
Local note WB
590 ## - LOCAL NOTE (RLIN)
Local note WB
650 ## - SUBJECT ADDED ENTRY--TOPICAL TERM
Topical term or geographic name entry element SCOTLAND
650 ## - SUBJECT ADDED ENTRY--TOPICAL TERM
Topical term or geographic name entry element RESIDENTIAL PROPERTY MARKET
650 ## - SUBJECT ADDED ENTRY--TOPICAL TERM
Topical term or geographic name entry element HOUSE SALES
650 ## - SUBJECT ADDED ENTRY--TOPICAL TERM
Topical term or geographic name entry element AVERAGE HOUSE PRICES
690 ## - LOCAL SUBJECT ADDED ENTRY--TOPICAL TERM (OCLC, RLIN)
Topical term or geographic name as entry element HOUSING-HOUSE PRICES
942 ## - ADDED ENTRY ELEMENTS (KOHA)
Suppress in OPAC 0
Holdings
Withdrawn status Lost status Source of classification or shelving scheme Damaged status Not for loan Home library Current library Shelving location Date acquired Total Checkouts Full call number Barcode Date last seen Copy number Price effective from Koha item type
    Dewey Decimal Classification     London London News article 19/02/2004   WB4007-10 125195-1001 06/08/2019 1 06/08/2019 News article